Busiest Intrastate Air Routes in the U.S. - Statistics

General Stats
  • This quiz has been taken 319 times
    49 since last reset
  • The average score is 39 of 48
Answer Stats
Hint Answer % Correct
Alaska Anchorage (ANC)
100%
California Los Angeles (LAX)
100%
Arizona Phoenix (PHX)
100%
Georgia Atlanta (ATL)
98%
Massachusetts Boston (BOS)
98%
Illinois Chicago (ORD)
98%
Florida Miami (MIA)
98%
California San Francisco (SFO)
98%
Colorado Denver (DEN)
95%
Michigan Detroit (DTW)
95%
Hawaii Honolulu (HNL)
95%
Nevada Las Vegas (LAS)
95%
Minnesota Minneapolis (MSP)
95%
Washington Seattle (SEA)
95%
Texas Dallas (DFW)
93%
New York New York City (LGA)
93%
Pennsylvania Philadelphia (PHL)
93%
Oregon Portland (PDX)
93%
Utah Salt Lake City (SLC)
93%
Texas Houston (IAH)
91%
Florida Orlando (MCO)
91%
New Mexico Albuquerque (ABQ)
89%
Alaska Fairbanks (FAI)
89%
Tennessee Nashville (BNA)
89%
Georgia Savannah (SAV)
89%
Missouri St. Louis (STL)
89%
New York Buffalo (BUF)
86%
North Carolina Charlotte (CLT)
86%
Pennsylvania Pittsburgh (PIT)
86%
Nevada Reno (RNO)
86%
Tennessee Memphis (MEM)
84%
North Carolina Raleigh-Durham (RDU)
84%
Arizona Tucson (TUS)
82%
Colorado Colorado Springs (COS)
80%
Missouri Kansas City (MCI)
80%
Montana Billings (BIL)
75%
Virginia Washington D.C. (IAD)
75%
Washington Spokane (GEG)
73%
Michigan Grand Rapids (GRR)
68%
Virginia Norfolk (ORF)
68%
Minnesota Duluth (DLH)
61%
Illinois Peoria (PIA)
52%
Utah St. George (SGU)
48%
Hawaii Kahului (OGG)
43%
Oregon Medford (MFR)
36%
Massachusetts Nantucket (ACK)
32%
Montana Sidney (SDY)
9%
New Mexico Silver City (SVC)
9%
No matching quizzes found
Score Distribution
Percent of People with Each Score
Percentile by Number Answered
Your Score History
You have not taken this quiz since the last reset